<?xml version="1.0" encoding="UTF-8"?>
<record
    xmlns:xsi="http://www.w3.org/2001/XMLSchema-instance"
    xsi:schemaLocation="http://www.loc.gov/MARC21/slim http://www.loc.gov/standards/marcxml/schema/MARC21slim.xsd"
    xmlns="http://www.loc.gov/MARC21/slim">

  <leader>00400nas a2200157   4500</leader>
  <controlfield tag="005">20220427083307.0</controlfield>
  <controlfield tag="008">170605b        xxu||||| |||| 00| 0 spa d</controlfield>
  <datafield tag="022" ind1=" " ind2=" ">
    <subfield code="a">16593383</subfield>
  </datafield>
  <datafield tag="245" ind1=" " ind2=" ">
    <subfield code="a">Investiga. TEC</subfield>
  </datafield>
  <datafield tag="260" ind1=" " ind2=" ">
    <subfield code="a">Costa Rica</subfield>
    <subfield code="b">Tecnol&#xF3;gica de Costa Rica</subfield>
    <subfield code="c">2017</subfield>
  </datafield>
  <datafield tag="650" ind1=" " ind2=" ">
    <subfield code="a">COSTA RICA</subfield>
    <subfield code="9">63184</subfield>
  </datafield>
  <datafield tag="650" ind1=" " ind2=" ">
    <subfield code="a">TECNOLOGIA</subfield>
    <subfield code="9">63185</subfield>
  </datafield>
  <datafield tag="650" ind1=" " ind2=" ">
    <subfield code="a">CIENCIA</subfield>
    <subfield code="9">9056</subfield>
  </datafield>
  <datafield tag="942" ind1=" " ind2=" ">
    <subfield code="c">REV</subfield>
  </datafield>
  <datafield tag="999" ind1=" " ind2=" ">
    <subfield code="c">9516</subfield>
    <subfield code="d">9516</subfield>
  </datafield>
  <datafield tag="952" ind1=" " ind2=" ">
    <subfield code="o">Investiga. TEC Mes enero, N&#xFA;mero 31, 2018</subfield>
    <subfield code="p">IT1831</subfield>
    <subfield code="y">REV</subfield>
  </datafield>
  <datafield tag="952" ind1=" " ind2=" ">
    <subfield code="o">Investiga. TEC. Mes mayo, N&#xFA;mero 32, 2018</subfield>
    <subfield code="p">IT1832</subfield>
    <subfield code="y">REV</subfield>
  </datafield>
  <datafield tag="952" ind1=" " ind2=" ">
    <subfield code="o">Investiga. TEC Mes Setiembre, N&#xFA;mero 33, 2018</subfield>
    <subfield code="p">IT1833</subfield>
    <subfield code="y">REV</subfield>
  </datafield>
  <datafield tag="952" ind1=" " ind2=" ">
    <subfield code="o">Investiga. TEC. Mes Enero, N&#xFA;mero 34, 2019</subfield>
    <subfield code="p">IT1934ENE</subfield>
    <subfield code="y">REV</subfield>
  </datafield>
  <datafield tag="952" ind1=" " ind2=" ">
    <subfield code="o">Investiga. TEC. Mes mayo, N&#xFA;mero 35, 2019</subfield>
    <subfield code="p">IT1935</subfield>
    <subfield code="y">REV</subfield>
  </datafield>
</record>
